00747 2200277 4500001002100000005001700021008004100038020001800079035002400097082001200121090002300133100002400156245007500180250001100255260003800266300003000304500002600334650001300360850001500373980001500388985000600403999001500409999001500424999001500439999001500454YOGYA-0209000003570920090227025037.0 ind  a979-414-618-8 0010-020900000035709 a574.192 a574.192bSha PlQT aShahib, M. Nurhalim aPemahaman seluk beluk biokimia dan penerapan enzimcM. Nurhalim Shahib aCet. 1 aBandungbCitra Aditya Baktic1992 aviii, 89 hlmbilusc26 cm aBibliografi : hlm. 89 aBiokimia aYOPDYOG(B) a01-09-2006 a4 a93P0053953 a95P0074496 a95P0074497 a95P0074498